000 00587cab a2200205 4500
001 ABS38015
008 090401t1987 xxu||||| |||| 00| 0 eng d
035 _a(Sirsi) u8112
041 _aeng
100 _aBrownie, A.P.
245 _aStarting a business - the tax angle
260 _c1987
350 _a0
490 _aMoney Management
_vJuly 1987, 53-55(3)
520 _aSummarises some principal income tax rules for new unincorporated businesses. Illustrated with tax planning points.
650 _aSMALL BUSINESSES
690 _aTAXATION
942 _n0
948 _c04/03/1997
999 _c4948
_d4948